• 首页
  • 本馆介绍
  • 公告通知
  • 最新文献
  • 馆藏检索
  • 电子资源
  • 读者导购
  • 参考咨询
  • 我的图书馆
  • 登录
  • 详细信息显示
  • 放入我的书架
  • 预约/预借图书
  • 作者相关作品
  • 分类相关作品
  • 丛书相关作品
  • 出版社相关作品

书目信息

  • 表格格式
  • 工作单格式
  • 卡片格式
题名:
蛋白质化学与蛋白质组学
    
 
作者: 夏其昌 , 曾嵘 编著
分册:  
出版信息: 北京   科学出版社  2004
页数: 13,559页
开本: 26cm
丛书名: 现代生物技术前沿
单 册:
中图分类: Q51
科图分类:
主题词: 蛋白质--生物化学--研究 , 生物化学 , 蛋白质
电子资源:
ISBN: 7-03-012401-4
000 01073nam0 2200301 450
000 01079nam0 2200301 450
000 01013nam0 2200277 450
000 00976nam0 2200265 45
005 20070528133616.59
010    @a7-03-012401-4@dCNY75.00
100    @a20070418d2004 em y0chiy0120 ea
101 0  @achi
102    @aCN@b110000
105    @ay z 000yy
200 1  @a蛋白质化学与蛋白质组学@ADan Bai Zhi Hua Xue Yu Dan Bai Zhi Zu Xue@f夏其昌,曾嵘等编著@FXia Qi Chang, Zeng Rong Deng Bian Zhu
210    @a北京@c科学出版社@d2004
215    @a13,559页@d26cm
225 2  @a现代生物技术前沿
330    @a本书系统论述了蛋白质化学基础理论和实验技巧,反映了蛋白质组学研究的最新成果。内容包括:蛋白质的表征、蛋白质的组成分析和序列预定,与此相关的实验方法等。
410  0 @12001 @a现代生物技术前沿
606 0  @a蛋白质@x生物化学@x研究
606 0  @a生物化学
606 0  @a蛋白质
690    @aQ51@v4
701  0 @a夏其昌@AXia Qi Chang@f(1939.9~)@4编著
701  0 @a曾嵘@AZeng Rong@c(生物化学)@4编著
801  0 @aCN@bTAOJIN@c20070528
905    @a10447@dQ51@e130
    
    蛋白质化学与蛋白质组学/夏其昌,曾嵘等编著.-北京:科学出版社,2004
    13,559页;26cm.-(现代生物技术前沿)
    
    
    ISBN 7-03-012401-4:CNY75.00
    本书系统论述了蛋白质化学基础理论和实验技巧,反映了蛋白质组学研究的最新成果。内容包括:蛋白质的表征、蛋白质的组成分析和序列预定,与此相关的实验方法等。
●
相关链接 在E读中查询图书 在五车中查询图书 在当当中查询图书 在豆瓣中查询图书


正题名:蛋白质化学与蛋白质组学     索取号:Q51/130         预约/预借

序号 登录号 条形码 馆藏地/架位号 状态 备注
1 0523346   205233460   第二样本阅览室/ [索取号:Q51/130] 在馆    
2 0523347   205233479   第三借阅区/ [索取号:Q51/130] 在馆    
3 0523348   205233488   第三借阅区/ [索取号:Q51/130] 在馆    
4 0523349   205233497   第三借阅区/ [索取号:Q51/130] 在馆    
5 0523350   205233503   第三借阅区/ [索取号:Q51/130] 在馆    
6 0523351   205233512   第三借阅区/ [索取号:Q51/130] 在馆    
7 0523352   205233521   第三借阅区/ [索取号:Q51/130] 在馆    
8 0523353   205233530   第三借阅区/ [索取号:Q51/130] 在馆    
唐山师范学院图书馆 欢迎您!
大连网信软件有限公司© 版权所有